00361nam a2200145Ia 4500008004100000041001200041082001600053100001700069245005900086250000800145260003100153300000800184650000700192700001600199221030s9999 xx 000 0 und d aEnglish a105.23bBak aU. A. Bakshi 0aFeedback Control Systemscby U. A. Bakshi, S. C. Goyal a2nd bTechnical Pub.aPunec2002 a814 aEE aS. C. Goyal